Hangul Quiz (Vowels) - Statistics

General Stats
  • This quiz has been taken 397 times
  • The average score is 17 of 22
Answer Stats
Question Answer % Correct
(silent)
97%
yeo
86%
wae
85%
ye
84%
a
81%
yae
80%
ae
79%
i
79%
o
79%
u
79%
wui
79%
eu
78%
yo
78%
wa
77%
yu
77%
ya
76%
eo
75%
we
75%
ui
68%
wi
61%
wo
53%
e
52%
No matching quizzes found
Score Distribution
Percent of People with Each Score
Percentile by Number Answered
Your Score History
You have not taken this quiz